Pozycja Personal Name
Liczba rekordów, w których użyto hasła: 1
001 - Numer kontrolny
- control field: 39044
003 - Identyfikator numeru kontrolnego
- control field: NUKAT
005 - Data i czas ostatniej modyfikacji
- control field: 20260327114911.0
008 - Dane kontrolne kodowane (40 znaków)
- fixed length control field: 981005n||a|znnaabn |a aaa |c
010 ## - Numer kontrolny Biblioteki Kongresu
- numer kontrolny LC: n 98047321
040 ## - Instytucja sporządzająca rekord
- inst. przygot. dane do rek. khw: WA U/HM
- język haseł przedmiotowych/tezaurus: kaba
- inst. wprow. rek. khw: WA U/HM
- inst. modyf. rek. khw: KR 295/AD
- inst. modyf. rek. khw: LUBL KUL/IP
- inst. modyf. rek. khw: KR U/GS
- inst. modyf. rek. khw: KR U/GS
- inst. modyf. rek. khw: KR PAU/MSs
- inst. modyf. rek. khw: WA U/JK
100 1# - Hasło - nazwa osobowa
- nazwa osobowa w formie ujednoliconej: Turrecremata, Joannes de
- daty biograficzne: (1388-1468).
400 1# - Trop zob. - nazwa osobowa
- nazwa osobowa (nazwisko, imiona): Torquemada, Juan de.
400 0# - Trop zob. - nazwa osobowa
- nazwa osobowa (nazwisko, imiona): Joannes de Turrecremata.
400 0# - Trop zob. - nazwa osobowa
- nazwa osobowa (nazwisko, imiona): Johannes de Turrecremata.
400 1# - Trop zob. - nazwa osobowa
- nazwa osobowa (nazwisko, imiona): Turre Cremata, Joannes de.
400 1# - Trop zob. - nazwa osobowa
- nazwa osobowa (nazwisko, imiona): Torquemada, Ioannes de.
400 1# - Trop zob. - nazwa osobowa
- nazwa osobowa (nazwisko, imiona): De Turre Cremata.
400 1# - Trop zob. - nazwa osobowa
- nazwa osobowa (nazwisko, imiona): Turre Cremata, Ioa[n]nes Yspanus de.
400 1# - Trop zob. - nazwa osobowa
- nazwa osobowa (nazwisko, imiona): De Turre Cremata, Ioa[n]nes Yspanus.
400 1# - Trop zob. - nazwa osobowa
- nazwa osobowa (nazwisko, imiona): Tvrrecremata.
400 0# - Trop zob. - nazwa osobowa
- nazwa osobowa (nazwisko, imiona): Jan ze Spalonej Wieży.
400 1# - Trop zob. - nazwa osobowa
- nazwa osobowa (nazwisko, imiona): Torquemada, Juan.
400 0# - Trop zob. - nazwa osobowa
- nazwa osobowa (nazwisko, imiona): Juan Torquemada.
670 ## - Źródło informacji
- źródło informacji: OCLC CatCD. - 1996-1997
- gdzie znaleziono informację: (Torquemada, Juan de)
670 ## - Źródło informacji
- źródło informacji: BUW XV. - 1994
670 ## - Źródło informacji
- źródło informacji: BLC'75
670 ## - Źródło informacji
- źródło informacji: LarXX. - 1957
670 ## - Źródło informacji
- źródło informacji: Oratio synodalis de primatu / Ioannes de Torquemada. - Roma, 1954.
670 ## - Źródło informacji
- źródło informacji: Summula doctrinae divi Thomae Aquinatis. Vol. 2 / auct. Aloisio Missaglia. - Mediolanum, 1899.
- gdzie znaleziono informację: Dz. współwyd.
670 ## - Źródło informacji
- źródło informacji: Expositio In psalterium / [...] D. Ioanis Yspani de Turre Cremata. - (Venetijs, 1513).
670 ## - Źródło informacji
- źródło informacji: Revelationes S. Brigittæ Olim A Card. Tvrrecremata Recognitae Nvnc A Consalvo Dvranto [...] Notis Illvstratae [...]. - Antverpiae, 1611.
- gdzie znaleziono informację: Oprac.
670 ## - Źródło informacji
- źródło informacji: Die Inkunabeln des Druckers des Turrecremata in Krakau / von K. v. Różycki. - München, 1911.
670 ## - Źródło informacji
- źródło informacji: Suma o Kościele / Juan Torquemada. - Olsztyn, 2019.